| 000 | 00823nam a2200229 a 4500 | ||
|---|---|---|---|
| 001 | 000023722 | ||
| 005 | 20240513194009.0 | ||
| 008 | 101221s2001 mx a r 000 | spa d | ||
| 020 | _a9684444192 | ||
| 040 |
_aDO-SdBNP _bspa _cBNPHU |
||
| 082 |
_a005.74068 _bD232i, 2001 |
||
| 100 | 1 |
_aDate , C.J. _945089 |
|
| 245 | 1 | 0 |
_aIntroducción a los sistemas de bases de datos / _cC.J. Date ; traducción Sergio Luis María Ruiz Faudón ; revisión técnica Felipe López Gamino. |
| 250 | _a7a ed. | ||
| 260 |
_aMéxico : _bPearson Educación, _c2001. |
||
| 300 |
_axxii, 936 p. : _bil. ; _c24 cm. |
||
| 500 | _aNotas al pie de páginas | ||
| 500 | _aIncluye índice alfabético e apéndices | ||
| 650 | 0 |
_aAdministración de bases de datos _947290 |
|
| 700 | 1 |
_aRuiz Faudón, Sergio Luis María _etr. _948849 |
|
| 049 | _aBNGR | ||
| 999 |
_c23218 _d23218 |
||